Baresaghir Pak-o-Hind Mein Tosuf ki Urdu Matubaat / (Record no. 525297)

000 -LEADER
fixed length control field 00552nam a22001697a 4500
003 - CONTROL NUMBER IDENTIFIER
control field NUST
038 ## - RECORD CONTENT LICENSOR
Staff Name waseem
082 ## - DEWEY DECIMAL CLASSIFICATION NUMBER
Classification number 297.6016
Author Mark RAN
100 ## - MAIN ENTRY--PERSONAL NAME
Personal name Ranjha, Muhammad Nazir
9 (RLIN) 16033
245 ## - TITLE STATEMENT
Title Baresaghir Pak-o-Hind Mein Tosuf ki Urdu Matubaat /
Statement of responsibility, etc. Muhammad Nazir Ranjha
260 ## - PUBLICATION, DISTRIBUTION, ETC.
Place of publication, distribution, etc. Lahore :
Name of publisher, distributor, etc. Waheed Qureshi,
Date of publication, distribution, etc. 1995.
300 ## - PHYSICAL DESCRIPTION
Extent 367 p. ;
500 ## - GENERAL NOTE
General note Hardcover.
880 ## - ALTERNATE GRAPHIC REPRESENTATION
Linkage 100-01\r
Title محمد نزیر رانجھا
880 ## - ALTERNATE GRAPHIC REPRESENTATION
Linkage 245-02\r
Title برصغیر پاک و ہند میں تصوف کی اُردو مطبوعات /
942 ## - ADDED ENTRY ELEMENTS (KOHA)
Source of classification or shelving scheme
Koha item type Book
Holdings
Withdrawn status Lost status Source of classification or shelving scheme Damaged status Not for loan Permanent Location Current Location Shelving location Date acquired Total Checkouts Full call number Barcode Date last seen Price effective from Koha item type
          Central Library (CL) Central Library (CL) First Floor - Islam 06/30/2019   297.6016 RAN CL-E-238 06/30/2019 06/30/2019 Book
© 2023 Central Library, National University of Sciences and Technology. All Rights Reserved.